000 00825nam a2200205Ia 4500
008 0000002003 us a 0000000000eng00
020 _a1888708166
090 _aPUS00 J81r
100 1 _aClearwater, Bonnie
245 1 0 _aRoberto Juarez
_b: A sense of place
_c/ curador Bonnie Clearwater
300 _a[56] p.
_c/ 25 cm.
500 _aExposición realizada en el Museo de Arte Contenporáneo, Miami, Septiembre 13 Noviembre 15, 2003 \ Con el patronazgo del maestro venezolano Jesús Rafael Soto (q.e.p.d.)
600 0 0 _a JUAREZ, ROBERTO, 1952/
_xTRABAJOS PICTORICOS
650 1 4 _a PINTURA ESTADOUNIDENSE
650 1 4 _xCATALOGOS
650 1 4 _xEXPOSICIONES
650 1 4 _aPINTORES ESTADOUNIDENSES
650 1 4 _aPINTURA MODERNA ESTADOUNIDENSE
999 _c192
_d192
260 _aMiami : Museum of Contemporary Art Moca
_c2003